Sudden Death - Insects - Statistics

General Stats
  • This quiz has been taken 81 times
  • The average score is 7 of 16
Answers on the Grid
Answers color-coded by a green-red scale on the quiz's grid according to % correct below.
Assassin Bug
Brown Recluse
Butterfly
Cockroach
Copepod
Dragonfly
Earthworm
Earwig
Flea
Goldfish
Hornbill
Hummingbird
Isopod
Lacewing
Lemur
Mantis
Mosquito
Moth
Pseudoscorpion
Scarab
Scorpion
Shrimp
Silverfish
Snail
Springtail
Stinkbug
Tarantula
Tardigrade
Tick
Walking Stick
Wasp
Water Strider
 
Answer Stats
Answer % Correct
Butterfly
65%
Flea
63%
Mosquito
63%
Cockroach
58%
Moth
56%
Dragonfly
54%
Assassin Bug
50%
Earwig
46%
Mantis
44%
Stinkbug
40%
Wasp
33%
Lacewing
31%
Silverfish
31%
Scarab
29%
Walking Stick
21%
Water Strider
13%
No matching quizzes found
Score Distribution
Percent of People with Each Score
Percentile by Number Answered
Your Score History
You have not taken this quiz